00586 2200217 4500001002100000005001700021008004100038020002200079035002400101040001200125082001100137090002100148100002200169245007100191250001000262260002900272300001800301650001300319850001200332990002400344YOGYA-0112000000022520120105221317.0 ind  a978-602-96492-3-9 0010-011200000000225 aYOPDYOG a297.23 aDEP 297.23 Bis I aBISRI M. DJAELANI aIndahnya kematiancBisri M. Djaelani ; editor , Asef Umar Faheudin aCet.2 aYogyakrtabMadaniac2010 a245 hlmc21cm aKematian aYOPDYOG aCB.D.11 - 2010-2054